000 00270nam a2200121Ia 4500
100 _aRobbins
942 _cBK
654 _aOrgrnizational Bheavior
245 _aOrgrnizational Bheavior
260 _bprentice hall
_aNew Delhi
_c1985
300 _a564
546 _aENGLISH
999 _c20422
_d20422